000 00337nam a2200133Ia 4500
008 151213s9999 xx 000 0 und d
245 _aSAS Language & Procedure Introduction Version - 6
250 _a1st
260 _aCary Ne.USA
_bSAS Institute
_c1995
300 _a3108 p.
650 _aComputer
650 _aComputer
999 _c2133
_d2133